STUDENTS SOLUTIONS MANUAL FOR TAN'S CALCULUS FOR THE MANAGERIAL, LIFE AND SOCIAL SCIENCES (Record no. 1174)
[ view plain ]
| 000 -LEADER | |
|---|---|
| fixed length control field | 00441nam a22001577a 4500 |
| 005 - DATE AND TIME OF LATEST TRANSACTION | |
| control field | 20241114105247.0 |
| 008 - FIXED-LENGTH DATA ELEMENTS--GENERAL INFORMATION | |
| fixed length control field | 241114b |||||||| |||| 00| 0 eng d |
| 020 ## - INTERNATIONAL STANDARD BOOK NUMBER | |
| International Standard Book Number | 9780534394134 |
| 050 ## - LIBRARY OF CONGRESS CALL NUMBER | |
| Classification number | QA303 |
| Item number | TAN |
| 100 ## - MAIN ENTRY--PERSONAL NAME | |
| Personal name | TAN, T. S. |
| 245 ## - TITLE STATEMENT | |
| Title | STUDENTS SOLUTIONS MANUAL FOR TAN'S CALCULUS FOR THE MANAGERIAL, LIFE AND SOCIAL SCIENCES |
| 250 ## - EDITION STATEMENT | |
| Edition statement | 6TH |
| 260 ## - PUBLICATION, DISTRIBUTION, ETC. | |
| Place of publication, distribution, etc. | AUSTRALIA |
| Name of publisher, distributor, etc. | BROOKS |
| Date of publication, distribution, etc. | c2003 |
| 300 ## - PHYSICAL DESCRIPTION | |
| Extent | 343p |
| Other physical details | ill.; |
| 942 ## - ADDED ENTRY ELEMENTS (KOHA) | |
| Source of classification or shelving scheme | Library of Congress Classification |
| Koha item type | Books |
| Suppress in OPAC | No |
| 999 ## - | |
| -- | 1174 |
| -- | 1174 |
| Withdrawn status | Lost status | Source of classification or shelving scheme | Damaged status | Not for loan | Collection | Home library | Current library | Shelving location | Date acquired | Total checkouts | Full call number | Barcode | Date last seen | Copy number | Price effective from | Koha item type |
|---|---|---|---|---|---|---|---|---|---|---|---|---|---|---|---|---|
| Library of Congress Classification | Non-fiction | Undergraduate Library (Christ Temple) | Undergraduate Library (Christ Temple) | General stacks | 11/14/2024 | QA303 TAN | ulct00000301 | 11/14/2024 | 1 | 11/14/2024 | Books |